Philosophie zoologique ou exposition des considerations relatives a l'hitoire naturelle des animaux / (Record no. 88531)

MARC details
000 -LEADER
campo de control de longitud fija 00509nam a2200157 i 4500
001 - NÚMERO DE CONTROL
campo de control 88531
003 - IDENTIFICADOR DE NÚMERO DE CONTROL
campo de control ES-MaACL
005 - FECHA Y HORA DE LA ÚLTIMA TRANSACCIÓN
campo de control 20230906175858.0
007 - CAMPO FIJO DE DESCRIPCIÓN FÍSICA--INFORMACIÓN GENERAL
campo de control de longitud fija t|
008 - DATOS DE LONGITUD FIJA--INFORMACIÓN GENERAL
campo de control de longitud fija 050104s1907 fr ||||1| fre d
100 1# - ENTRADA PRINCIPAL--NOMBRE DE PERSONA
Nombre de persona Lamarck, Jean.
9 (RLIN) 69771
245 10 - MENCIÓN DEL TÍTULO
Título Philosophie zoologique ou exposition des considerations relatives a l'hitoire naturelle des animaux /
Mención de responsabilidad, etc. Lamarck.
260 ## - PUBLICACIÓN, DISTRIBUCIÓN, ETC.
Lugar de publicación, distribución, etc. París :
Nombre del editor, distribuidor, etc. Schleicher Fréres,
Fecha de publicación, distribución, etc. [1907] (
Lugar de fabricación/manufactura Tours :
Fabricante Arrault)
300 ## - DESCRIPCIÓN FÍSICA
Extensión XLII, 316 p. ;
Dimensiones 21 cm.
852 ## - LOCALIZACIÓN
Ubicación ES-MaACL
Número de control de estantería F-9226
Holdings
Estatus retirado Estado de pérdida Estado de daño No para préstamo Biblioteca de origen Biblioteca actual Ubicación en estantería Fecha de adquisición Fuente de adquisición Total de préstamos Signatura topográfica completa Código de barras Visto por última vez Precio de reemplazo Tipo de ítem Koha
        Biblioteca del Ateneo de Madrid Biblioteca del Ateneo de Madrid Sala Pecera Planta 2 17/01/2008     F-9226 1092475 23/02/2023 23/02/2023 Libro impreso